000 00955nam a2200313Ia 4500
001 dia_1473
003 CHAP
005 20251027144657.0
008 220117s1975 xx 000 0 und d
010 _a172014
020 _a968-451-128-0
040 _cCHAP
082 _a621.01 A23 1975
100 _aAbbott, Michael M.
_9167
245 _aTeoría y problemas de termodinámica /
_c Michael M. Abbott y Hendrick C. Van Ness ; traducción José Vicente Casas
260 _aMéxico :
_b McGraw-Hill,
_c1975
300 _a355 p.
440 _aCompendios Schaum
_926089
503 _aD
590 _aQC311 A23 1975
650 _aTermodinámica
_9112366
650 _aThermodynamics
_9150835
700 _aCasas, José Vicente, tr.
_9150836
700 _aVan Ness, Hendrick C., coaut.
_9150837
901 _a621.01 A23 1975
902 _aM
905 _a5232271975 mx nm 8222223322spa16
942 _cLIBRO
_2ddc
999 _c172014
_d172014